书目信息 |
| 题名: |
简明公路曲线表
|
|
| 作者: | 本社编 | |
| 分册: | ||
| 出版信息: | 北京 人民交通出版社 1970 |
|
| 页数: | 235页 | |
| 开本: | 13cm | |
| 丛书名: | ||
| 单 册: | ||
| 中图分类: | U412.24 | |
| 科图分类: | ||
| 主题词: | 道路工程 | |
| 电子资源: | ||
| ISBN: | ||
| 000 | 00479nam0 2200181 450 | |
| 001 | 0629881031 | |
| 005 | 20061127082041.87 | |
| 010 | @dCNY0.66 | |
| 100 | @a20061127d1970 km y0chiy0120 ea | |
| 101 | 0 | @achi |
| 102 | @aCN@b110000 | |
| 200 | 1 | @a简明公路曲线表@Ajian ming gong lu qu xian biao@f本社编@Fben she bian |
| 210 | @a北京@c人民交通出版社@d1970 | |
| 215 | @a235页@d13cm | |
| 606 | 0 | @a道路工程 |
| 690 | @aU412.24@v3 | |
| 801 | 0 | @aCN@bPFT@c20061127 |
| 905 | @a10447@dU412.24@e2 | |
| 简明公路曲线表/本社编.-北京:人民交通出版社,1970 |
| 235页;13cm |
| ISBN :CNY0.66 |
| ● |
| 相关链接 |
|
|
|
|
正题名:简明公路曲线表
索取号:U412.24/2
 
预约/预借
| 序号 | 登录号 | 条形码 | 馆藏地/架位号 | 状态 | 备注 |
| 1 | 0008457 | 001483282 | 第二样本阅览室/ [索取号:U412.24/2] | 在馆 |